Evaluación Inicial de riesgos laborales para los puestos de trabajo del edificio de tres pisos y áreas de la facultad de arquitectura del recinto Universitario Simón Bolívar, UNI
El presente documento está enfocado en la evaluación de riesgos en el cual se realizaron identificaciones de riesgos de cada puesto tomando en cuenta las funciones y características del área física y psicológica.
| Main Authors: | , |
|---|---|
| Other Authors: | |
| Format: | Tesis Section = Libro |
| Language: | Undetermined Spanish |
| Published: |
Managua
UNI
2017
|
| Subjects: |
| LEADER | 01163nam a2200265Ia 4500 | ||
|---|---|---|---|
| 008 | 240830s9999 xx 000 0 und d | ||
| 040 | |a BIBLIOTECA-RUPAP Mon 363.11 G984 | ||
| 041 | |a spa | ||
| 082 | |a Mon 363.11 G984 | ||
| 100 | 1 | |a Gutiérrez Montiel, Roger Antonio | |
| 100 | 1 | |b Díaz Castillo, Jesús Alberto | |
| 245 | 1 | 0 | |a Evaluación Inicial de riesgos laborales para los puestos de trabajo del edificio de tres pisos y áreas de la facultad de arquitectura del recinto Universitario Simón Bolívar, UNI |
| 260 | |a Managua |b UNI |c 2017 | ||
| 300 | |a 213 p. :il. | ||
| 500 | |a Contiene anexos y CD | ||
| 502 | |a Tesis (Ingeniero Industrial)- UNI, 2017. | ||
| 520 | 3 | |a El presente documento está enfocado en la evaluación de riesgos en el cual se realizaron identificaciones de riesgos de cada puesto tomando en cuenta las funciones y características del área física y psicológica. | |
| 650 | 7 | |a HIGIENE Y SEGURIDAD DEL TRABAJO | |
| 650 | 7 | |b HIGIENE OCUPACIONAL | |
| 650 | 7 | |c EVALUACION DE RIESGOS LABORAL | |
| 650 | 7 | |d MAPA DE RIESGOS | |
| 700 | 1 | |a Tutor: |b Silvestre, Pietro Marcelo | |
| 942 | |c BK |2 ddc | ||
| 991 | |a TESIS | ||
| 999 | |c 15455 | ||